000 00405cam a22001217a 4500
008 180718b1966 xxu||||| |||| 00| 0 eng d
082 _aY15x42 Un3
100 _aHer Majesty's Stationery Office
245 _aStatutory smallholdings provided by local authorities in England and Wales
260 _aLondon
_bHer Majesty's Stationery Office
_c1966
300 _a270p.
650 _aFarm tenancy -- Great Britain
999 _c413004
_d413004